Các dạng bài tập chữa lỗi sai tiếng Anh

সংরক্ষণ করুন:
গ্রন্থ-পঞ্জীর বিবরন
প্রধান লেখক: Mỹ Hương (Chủ biên)
সংস্থা লেখক: The Windy
অন্যান্য লেখক: Hoài Thu (Hiệu đính)
বিন্যাস: গ্রন্থ
প্রকাশিত: Hà Nội Đại học Quốc gia 2015
বিষয়গুলি:
ট্যাগগুলো: ট্যাগ যুক্ত করুন
কোনো ট্যাগ নেই, প্রথমজন হিসাবে ট্যাগ করুন!
Thư viện lưu trữ: Trung tâm Học liệu Lê Vũ Hùng, Trường Đại học Đồng Tháp
LEADER 00859pam a22002538a 4500
001 00043035
005 20181108151136.0
008 161208s2015 ||||||Chisd
020 # # |c 80000  |a 978 604 62 4217 8 
041 0 # |a Vie 
082 1 4 |a 428  |b C101D 
100 1 # |a Mỹ Hương  |e Chủ biên 
245 1 0 |a Các dạng bài tập chữa lỗi sai tiếng Anh  |c Mỹ Hương (chủ biên); Hoài Thu (hiệu đính) 
260 # # |a Hà Nội  |b Đại học Quốc gia  |c 2015 
300 # # |a 267 tr.  |c 21 cm 
653 # # |a Bài tập 
653 # # |a Tiếng Anh 
653 # # |a Ngôn Ngữ 
653 # # |a Chữa lỗi 
700 1 # |a Hoài Thu  |e Hiệu đính 
710 # # |a The Windy 
852 # # |j KD.0024954  |j KM.0024264 
910 0 # |d 8/11/2018 
980 # # |a Trung tâm Học liệu Lê Vũ Hùng, Trường Đại học Đồng Tháp